Movies Quiz

Random Movies or James Bond Quiz

Bond Actors (First Names) Quiz Stats

 Plays Quiz Updated Feb 3, 2018

Challenge
Share
Tweet
Embed
Score 0/6 Timer 00:30
0 Plays Today
Years Actor % Correct
1962-1967, 1971Sean Connery
96.6%
1995-2002Pierce Brosnan
86.7%
2006-PresentDaniel Craig
86%
1973-1985Roger Moore
84.7%
1987-1989Timothy Dalton
70.6%
1969George Lazenby
64.2%

You're not logged in!

Compare scores with friends on all Sporcle quizzes.
OR
Log In

You Might Also Like...

Show Comments

Extras

Top Quizzes Today


Score Distribution

Your Account Isn't Verified!

In order to create a playlist on Sporcle, you need to verify the email address you used during registration. Go to your Sporcle Settings to finish the process.

Report this User

Report this user for behavior that violates our Community Guidelines.

Details: